00453nam a2200157Ia 4500008004100000020001400041082001600055100001900071245004200090250000700132260003800139300002800177500001900205600002100224650005000245240925s9999 xx 000 0 und d a471255475 a005.756 KIM aKimball, Ralph 4aThe Data Warehouse Lifecycle Toolkit  aNA aLondon:bJohn Wiley Sonsc,1998. axix,256p.bNafOriginal aIncludes Index aComputer Science aComputer science, information & general works